Elogio de la locura

Saved in:
书目详细资料
主要作者: Erasmo de Rotterdam (Author)
格式: 图书
语言:西班牙语
出版: Madrid Sarpe 1984
丛编:Grandes Pensadores, 19
主题:
标签: 添加标签
没有标签, 成为第一个标记此记录!

MARC

LEADER 00000cam a2200000 a 4500
001 UCJ0067
003 CL-VaPUC
008 060623e19840000SP |||||||||||||||||spa|d
020 |a 8449968321 
020 |a 8449971241v.19 
082 0 4 |a 144  |b ERA  |2 21 
100 0 |a Erasmo de Rotterdam  |e author  |9 368153 
245 1 0 |a Elogio de la locura 
300 |a v 
942 |c BK 
945 |d 20060623 00:00:00  |a jtorresc 
260 |a Madrid  |b Sarpe  |c 1984 
650 0 |a Humanismo  |9 256530 
650 0 |a Filosofía holandesa   |9 319728 
650 7 |a FILOSOFIA SIGLO 15  |2 CL-VaPUC  |9 345939 
650 0 |a Cartas  |9 321777 
650 0 |a Ensayos  |9 268724 
583 |a last modification  |c 20140619 01:07:15  |k Rodrigo Vera 
490 0 |a Grandes Pensadores, 19 
999 |c 317054  |d 317052 
952 |0 0  |1 0  |4 0  |6 144_000000000000000_ERA_1984  |7 0  |8 A  |9 392796  |a BIBGIM  |b BIBGIM  |d 2019-11-22  |i 2109174  |o 144 ERA 1984  |p 2109174  |r 2025-01-15  |w 2019-11-22  |y BK  |k GIM 
952 |0 0  |1 0  |3 erd  |4 0  |6 144_000000000000000_ERA_1984  |7 0  |8 X  |9 392797  |a FDOBUD  |b FDOBUD  |i 5042518  |o 144 ERA 1984  |p 5042518  |r 2019-11-22  |w 2019-11-22  |y BK_X  |z Catalogado en:20140619  |k BUD